Bekannte Regisseure zuordnen - Statistiken

Allgemein
  • Dieses Quiz wurde 112 mal gespielt
  • Das Durchschnittsergebnis liegt bei 10 aus 20
Antwortstatistiken
Hint Antwort % Korrekt
Oppenheimer Christopher Nolan
85%
Catch Me If You Can Steven Spielberg
84%
Django Unchained Quentin Tarantino
83%
Vertigo Alfred Hitchcock
75%
Der Pate Francis Ford Coppola
69%
Goodfellas Martin Scorsese
69%
Der Herr der Ringe: Die Gefährten Peter Jackson
68%
2001 - Odyssee im Weltraum Stanley Kubrick
68%
Sieben David Fincher
58%
Metropolis Fritz Lang
50%
Gladiator Ridley Scott
50%
Mulholland Drive David Lynch
48%
Spiel mir das Lied vom Tod Sergio Leone
44%
Citizen Kane Orson Welles
43%
Forrest Gump Robert Zemeckis
41%
Parasite Bong Joon Ho
35%
Whiplash Damien Chazelle
25%
Birdman oder (Die unverhoffte Macht der Ahnungslosigkeit) Alejandro G. Inarritu
18%
Requiem for a Dream Darren Aronofsky
18%
Die Reise zum Mond Georges Melies
15%
Keine übereinstimmenden Quizze gefunden
Verteilung der Resultate
Anzahl Personen mit jedem Resultat
Perzentil nach korrekt beantworteten Fragen
Ihre Resultats-Entwicklung
Sie haben dieses Quiz noch nicht gespielt